书目信息 |
| 题名: |
加速寿命试验及其统计分析
|
|
| 作者: | 张志华 著 | |
| 分册: | ||
| 出版信息: | 北京 北京工业大学出版社 2002 |
|
| 页数: | 343页 | |
| 开本: | 20cm | |
| 丛书名: | ||
| 单 册: | ||
| 中图分类: | O213.1 | |
| 科图分类: | ||
| 主题词: | 质量控制 | |
| 电子资源: | ||
| ISBN: | 7-5639-1107-3 | |
| 000 | 00780nam0 2200217 45 | |
| 001 | 070024205590 | |
| 005 | 20061208110115.23 | |
| 010 | @a7-5639-1107-3@dCNY26.00 | |
| 100 | @a20040529d2002 ekmy0chiy0120 ea | |
| 101 | 0 | @achi |
| 102 | @aCN@b110000 | |
| 105 | @aak z 000yy | |
| 200 | 1 | @a加速寿命试验及其统计分析@Ajia su shou ming shi yan ji qi tong ji fen xi@f张志华著@Fzhang zhi hua zhu |
| 210 | @a北京@c北京工业大学出版社@d2002 | |
| 215 | @a343页@c图@d20cm | |
| 330 | @a本书系统地论述了加速寿命试验的基本理论、方法及其应用,着重介绍了加速寿命实验在理论和应用方面的近期发展情况,并提出了新的加速寿命试验模型及数据处理方法。 | |
| 606 | 0 | @a质量控制 |
| 690 | @aO213.1@v4 | |
| 701 | 0 | @a张志华@Azhang zhi hua@4著 |
| 801 | 0 | @aCN@bCXYBOOK@c20061208 |
| 905 | @a10447@dO213.1@e5 | |
| 加速寿命试验及其统计分析/张志华著.-北京:北京工业大学出版社,2002 |
| 343页:图;20cm |
| ISBN 7-5639-1107-3:CNY26.00 |
| 本书系统地论述了加速寿命试验的基本理论、方法及其应用,着重介绍了加速寿命实验在理论和应用方面的近期发展情况,并提出了新的加速寿命试验模型及数据处理方法。 |
| ● |
| 相关链接 |
|
|
|
|
正题名:加速寿命试验及其统计分析
索取号:O213.1/5
 
预约/预借
| 序号 | 登录号 | 条形码 | 馆藏地/架位号 | 状态 | 备注 |
| 1 | 0357445 | 3574457 | 第二样本阅览室/ [索取号:O213.1/5] | 在馆 | |
| 2 | 0357446 | 3574466 | 第三借阅区/ [索取号:O213.1/5] | 在馆 | |
| 3 | 0357447 | 3574475 | 第三借阅区/ [索取号:O213.1/5] | 在馆 | |
| 4 | 0357448 | 3574484 | 第三借阅区/ [索取号:O213.1/5] | 在馆 | |
| 5 | 0357449 | 3574493 | 第三借阅区/ [索取号:O213.1/5] | 在馆 | |
| 6 | 0361071 | 3610710 | 第三借阅区/ [索取号:O213.1/5] | 在馆 | |
| 7 | 0361827 | 3618277 | 第三借阅区/ [索取号:O213.1/5] | 在馆 | |
| 8 | 0361828 | 3618286 | 第三借阅区/ [索取号:O213.1/5] | 在馆 | |
| 9 | 0361829 | 3618295 | 第三借阅区/ [索取号:O213.1/5] | 在馆 | |
| 10 | 0361830 | 3618302 | 第三借阅区/ [索取号:O213.1/5] | 在馆 | |
| 11 | 0361831 | 3618311 | 第三借阅区/ [索取号:O213.1/5] | 在馆 | |
| 12 | 0361832 | 3618320 | 第三借阅区/ [索取号:O213.1/5] | 在馆 | |
| 13 | 0367981 | 203679812 | 第三借阅区/ [索取号:O213.1/5] | 在馆 | |
| 14 | 0367982 | 203679821 | 第三借阅区/ [索取号:O213.1/5] | 在馆 | |
| 15 | 0367983 | 203679830 | 第三借阅区/ [索取号:O213.1/5] | 在馆 | |
| 16 | 0367984 | 203679849 | 第三借阅区/ [索取号:O213.1/5] | 在馆 | |
| 17 | 0367985 | 203679858 | 第三借阅区/ [索取号:O213.1/5] | 在馆 | |
| 18 | 0367986 | 203679867 | 第三借阅区/ [索取号:O213.1/5] | 在馆 | |
| 19 | 0374446 | 203744467 | 第三借阅区/ [索取号:O213.1/5] | 在馆 | |
| 20 | 0374447 | 203744476 | 第三借阅区/ [索取号:O213.1/5] | 在馆 | |
| 21 | 0374448 | 203744485 | 第三借阅区/ [索取号:O213.1/5] | 在馆 | |
| 22 | 0374449 | 203744494 | 第三借阅区/ [索取号:O213.1/5] | 在馆 | |
| 23 | 0374450 | 203744500 | 第三借阅区/ [索取号:O213.1/5] | 在馆 |